| 000 | 01710nam a2200385 i 4500 | ||
|---|---|---|---|
| 001 | 000008140 | ||
| 003 | DO-SdBNP | ||
| 005 | 20260521073716.0 | ||
| 007 | ta | ||
| 008 | 090915s2000 dr 001 0 spa d | ||
| 040 |
_aDO-SdBNP _bspa _cBNPHU _erda |
||
| 082 | 4 |
_a327.17293 _bS225p _222 |
|
| 100 | 1 |
_aSang, Mu-Kien A. _d1955- _q(Mu-Kien Adriana) _9331 |
|
| 245 | 1 | 3 |
_aLa política exterior dominicana 1844-1961 / _cMu-Kien Adriana Sang ; colaboración Walter Cordero, Neici Zeller. |
| 264 |
_aSanto Domingo : _bSecretaría de Estado de Relaciones Exteriores, _c2000. |
||
| 300 |
_avolumen ; _c27 cm. |
||
| 336 |
_2rdacontent _atexto _btxt |
||
| 337 |
_2rdamedia _asin mediación _bn |
||
| 338 |
_2rdacarrier _avolumen _bnc |
||
| 500 | _aIncluye índice onomástico y geográfico | ||
| 500 | _aIncluye referencias bibliográficas y notas al pie de las páginas | ||
| 504 | _aBibliográfia : p. 215-222 | ||
| 505 | 1 |
_av. 1-- _tCaminos transitados: un panorama histórico 1844-1961.-- _gv.2-- _tLa política exterior del dictador Trujillo 1930-1961- _gv.3-- _tDisposiciones legales sobre relaciones exteriores 1900-1961. |
|
| 590 | _aInventariado, 2018/BT | ||
| 650 | 0 |
_aRelaciones internacionales _9399 |
|
| 651 | 4 |
_aRepública Dominicana _xRelaciones exteriores _xHistoria _97665 |
|
| 651 | 4 |
_aRepública Dominicana _xPolítica exterior _918699 |
|
| 651 | 0 |
_aRepública Dominicana _xPolítica y gobierno _945 |
|
| 651 | 0 |
_aRepública Dominicana -- _xHistoria -- _yOcupación norteamericana, 1916-1924 _91926 |
|
| 651 | 4 |
_aRepública Dominicana _xHistoria _9170 |
|
| 700 | 1 |
_aCordero, Walter _916854 |
|
| 700 | 1 |
_aZeller, Neici _922089 |
|
| 910 | _aValidado. Control de calidad. MMOLINA | ||
| 942 |
_2ddc _cLBS1 |
||
| 999 |
_c7917 _d7917 |
||